Systém a realizácia finančnej kontroly po novele zákona o finančnej kontrole a vnútornom audite

Zákon č. 502/2001 Z.z. o fiančnej kontrole a vnútornom audite novelizovaný zákonom č. 264/2008 Z.z. s účinnosťou od 1.8.2008. Finančná kontrola po novele zákona. Ciele finančnej kontroly v podmienkach územnej samosprávy. Predbežná finančná kontrola. Priebežná finančná kontrola. Následná finančná ko...

ver descrição completa

Na minha lista:
Detalhes bibliográficos
Autor principal: Veverková, Ingrid
Formato: Capítulo de Livro
Idioma:eslovaco
Assuntos:
Tags: Adicionar Tag
Sem tags, seja o primeiro a adicionar uma tag!

MARC

LEADER 00000naa$a2200000$$$4500
001 0116752
005 20231127104737.6
041 0 |a slo 
044 |a SK 
245 1 0 |a Systém a realizácia finančnej kontroly po novele zákona o finančnej kontrole a vnútornom audite  |c Ingrid Veverková 
520 |a Zákon č. 502/2001 Z.z. o fiančnej kontrole a vnútornom audite novelizovaný zákonom č. 264/2008 Z.z. s účinnosťou od 1.8.2008. Finančná kontrola po novele zákona. Ciele finančnej kontroly v podmienkach územnej samosprávy. Predbežná finančná kontrola. Priebežná finančná kontrola. Následná finančná kontrola. Právomoci a povinnosti zamestnancov kontrolného orgánu. Povinnosti kontrolovaného subjektu 
610 2 0 |a novelizácia 
610 2 0 |a zákony 
610 2 0 |a kontrola finančná 
610 2 0 |a audit finančný 
610 2 0 |a financie verejné 
610 2 0 |a správa verejná 
610 2 0 |a samospráva 
610 2 0 |a hospodárenie finančné 
100 1 |a Veverková, Ingrid